000 01911nam a22002537a 4500
003 Uzh_bibl
008 260408b |||||||| |||| 00| 0 ukr d
020 _c2.30
040 _aукр.
041 _2ukr
_aukr
080 _a821(477)
090 _a821(477)
_bП 37
100 _aПлачинда, Сергій
245 _aБалада про Степовика
_hТекст
260 _aКиїв
_bДніпро
_c1987
300 _a587 с.
_fВ опр.
520 _aТвір змальовує образ Степовика — узагальненого героя, який уособлює силу, волелюбність і духовну міць українського народу. Через його долю автор передає драматизм боротьби за свободу, зв’язок людини з рідною землею та степом. У творі переплітаються реальні історичні події з легендарними мотивами, що створює піднесений, символічний настрій.
521 _aДля широкого кола читачів
546 _aукр.
650 _aЛітературно-художнє видання
_yУ часи історичного минулого — умовно козацька доба та періоди народної боротьби. Час має узагальнений, символічний характер
_zПодії розгортаються в українському степу (південні та центральні регіони України)
653 _aСтеп
_aВоля
_aКозацтво
_aБоротьба
_aЛегенда
655 _aБалада, історико-романтична повість (з елементами легенди)
_vПовісті. Роман-есе
942 _2udc
_cBK
999 _c17284
_d17284